| 000 | 00337nam a22001217a 4500 | ||
|---|---|---|---|
| 082 | _aP-508 | ||
| 100 |
_aMir Alam Din _948292 |
||
| 245 |
_aStabilization of Risalpur Soil to Mitigaate Collapse Suscepibility _cSohail Bangash |
||
| 526 |
_a0 _b0 _c0 _dP_508 |
||
| 650 | _aProject | ||
| 700 |
_aDr Abdul Qudoos Khan _934698 |
||
| 942 |
_2ddc _cBK |
||
| 999 |
_c551283 _d551283 |
||